00755nam a2200205 a 450000100060000000300080000600500170001400800410003103500440007204000370011604100080015308200220016124501400018326000590032330000300038250000310041250400290044365000350047270000420050719149BD-RjUL20211209000406.0140223s1955 -ukacb edb 000 0 eng d aOCLC 01870370 from fd09a(BD-RjUL)19207 aDLCcFQGdEQOdEQOdBD-RjULbeng aeng a032221bENC 195510aEncyclopaedia Britannica :ba new survey of universal knowledge /cWalter Yust, ...[et. al.], ed.nVolume 17 :pP to PLANT PROPAGATION aChicago ;aLondon :bEncyclopaedia Britannica,cc1955. a1015 p.:bill. ;c28 cm. aIndex and atlas - Vol. 24. aIncludes bibliographies. 0aEncyclopedias and dictionaries1 aYust, Walter,...[et. al.], ed.d1894-